Journal of comparative family studies
| Format: | Electronic Journal |
|---|---|
| Language: | English |
| Published: |
[Calgary, Alta.],
[publisher not identified]
Langley, BC, Canada : Trinity Western University [Toronto] : University of Toronto Press |
| Subjects: | |
| Online Access: | Full text available from Research Library: 04/01/1994 to 10/31/2014 |
MARC
| LEADER | 00000nas a2200000 4500 | ||
|---|---|---|---|
| 001 | ssj0001536 | ||
| 003 | WaSeSS | ||
| 005 | 20200512172242.0 | ||
| 006 | m d | ||
| 007 | cr n | ||
| 008 | 740709c19709999oncqx p s 0 a0eng | ||
| 010 | |a 74641687 |z cn 84311422 | ||
| 016 | 7 | |a 7605028 |2 DNLM | |
| 016 | 7 | |a J17480000 |2 DNLM | |
| 016 | |a (AMICUS)000000092280 | ||
| 022 | |l 0047-2328 |y 0047-2328 | ||
| 030 | |a JCFSAO | ||
| 035 | |a (WaSeSS)ssj0001536 | ||
| 037 | |b Journal of Comparative Family Studies, University of Calgary, 2500 University Dr. N.W., Calgary, Alta. T2N 1N4 | ||
| 040 | |a DLC |b eng |c DLC |d NLC |d NSD |d OCL |d NSD |d OCL |d RCS |d OCL |d AIP |d NLC |d AIP |d OCL |d AGL |d NST |d NLC |d NST |d AGL |d OCL |d SYS |d NLM |d OCLCQ |d GUA |d OCLCQ |d DLC |d HUL |d OCLCQ |d NLM |d TJC |d EYM |d OCLCF |d TJC |d OCLCO |d OCLCQ |d OCLCO |d QE2 |d OCLCO |d OCLCQ |d OCLCA |d GILDS |d OCLCQ |d OCLCA |d HUL |d WaSeSS | ||
| 042 | |a nlc |a isds/c | ||
| 050 | 0 | 0 | |a HQ1 |b .J44 |
| 055 | 0 | 1 | |a HQ1 |
| 060 | 0 | 0 | |a W1 |b JO594H |
| 070 | 0 | |a HQ1.J44 | |
| 072 | 0 | |a U400 | |
| 082 | 0 | 4 | |a 301.42/05 |
| 210 | 0 | |a J. comp. fam. stud. | |
| 222 | 0 | |a Journal of comparative family studies | |
| 245 | 0 | 0 | |a Journal of comparative family studies |h [electronic resource]. |
| 260 | |3 1970- : |a [Calgary, Alta.], |b [publisher not identified] | ||
| 260 | 2 | |3 -2018: |a Langley, BC, Canada : |b Trinity Western University | |
| 260 | 3 | |3 2019- : |a [Toronto] : |b University of Toronto Press | |
| 310 | |a Four no. a year, |b 2014- | ||
| 321 | |a Three no. a year, |b autumn 1970-79 | ||
| 321 | |a Quarterly, |b 1980-81 | ||
| 321 | |a 3 no. a year, |b 1982-98 | ||
| 321 | |a Quarterly, |b 1999-2008 | ||
| 321 | |a Five no. a year, |b 2009-2010 | ||
| 321 | |a Six no. a year, |b 2011-2013 | ||
| 362 | 0 | |a v. 1- autumn 1970- | |
| 500 | |a Includes indexes. | ||
| 506 | |a License restrictions may limit access. | ||
| 588 | |a Latest issue consulted: Volume 50, number 1 (2019). | ||
| 650 | 0 | |a Families |v Periodicals. | |
| 650 | 7 | |a Families. |2 fast |0 (OCoLC)fst01728849 | |
| 650 | 2 | |a Family. | |
| 655 | 0 | |a Electronic journals. | |
| 776 | 1 | |t Journal of comparative family studies | |
| 850 | |a CStclU |a CaMBC |a CaMWUC |a DNAL |a IaAS |a MoSW |a NRU |a OCU | ||
| 853 | 3 | 3 | |8 1 |a v. |b no. |u 4 |v r |i (year) |j (season) |w q |x 24 |
| 856 | 4 | 0 | |z Full text available from Research Library: 04/01/1994 to 10/31/2014 |u https://search.proquest.com/publication/34616 |
| 863 | 4 | 0 | |8 1.1 |a 30 |b 1 |i 1999 |j 24 |